=LDR 00000nam 2200000 4500 =001 NUTBA000000000002977 =005 20200217090518 =035 ##$$a 0010-071400000000165 =008 200217################g##########0#ind## =020 ##$$a 978 979 1477 03 1 =040 ##$$a NBPDMAT =082 ##$$a 004 =090 ##$$a 004 $b Has b =100 ##$$a Hasyim Mulyono, =245 1#$$a Buku pintar komputer /$c Hasyim Mulyono, ST =250 ##$$a Cet. 2 =260 ##$$a Jakarta :$b Kriya Pustaka,$c 2008 =300 ##$$a iv, 228 hlm. : $b ilus. ; $c 24 x 14 cm. =500 ##$$a Bibliografi : hlm. 227 =650 #4$$a Komputer =850 ##$$a NBPDMAT =084 ##$$a 004 HAS b =990 ##$$a 21402757 =990 ##$$a 21402758 =990 ##$$a 21402759 =990 ##$$a 21402760 =990 ##$$a 21402761